<?xml version="1.0" encoding="UTF-8"?><?xml-stylesheet type="text/xsl" href="static/style.xsl"?><OAI-PMH xmlns="http://www.openarchives.org/OAI/2.0/" xmlns:xsi="http://www.w3.org/2001/XMLSchema-instance" xsi:schemaLocation="http://www.openarchives.org/OAI/2.0/ http://www.openarchives.org/OAI/2.0/OAI-PMH.xsd"><responseDate>2026-04-13T03:04:48Z</responseDate><request verb="GetRecord" identifier="oai:www.recercat.cat:2072/394870" metadataPrefix="marc">https://recercat.cat/oai/request</request><GetRecord><record><header><identifier>oai:recercat.cat:2072/394870</identifier><datestamp>2025-09-17T21:46:39Z</datestamp><setSpec>com_2072_98</setSpec><setSpec>col_2072_378192</setSpec></header><metadata><record xmlns="http://www.loc.gov/MARC21/slim" xmlns:dcterms="http://purl.org/dc/terms/" xmlns:xsi="http://www.w3.org/2001/XMLSchema-instance" xmlns:doc="http://www.lyncode.com/xoai" xsi:schemaLocation="http://www.loc.gov/MARC21/slim http://www.loc.gov/standards/marcxml/schema/MARC21slim.xsd">
   <leader>00925njm 22002777a 4500</leader>
   <datafield ind2=" " ind1=" " tag="042">
      <subfield code="a">dc</subfield>
   </datafield>
   <datafield ind2=" " ind1=" " tag="720">
      <subfield code="a">Geuna, S. E.</subfield>
      <subfield code="e">author</subfield>
   </datafield>
   <datafield ind2=" " ind1=" " tag="720">
      <subfield code="a">Escosteguy, L. D.</subfield>
      <subfield code="e">author</subfield>
   </datafield>
   <datafield ind2=" " ind1=" " tag="720">
      <subfield code="a">Limarino, Carlos O.</subfield>
      <subfield code="e">author</subfield>
   </datafield>
   <datafield ind2=" " ind1=" " tag="260">
      <subfield code="c">2010</subfield>
   </datafield>
   <datafield ind2=" " ind1=" " tag="520">
      <subfield code="a">The magnetic properties of the Carboniferous-Permian red beds of the Patquía Formation at Punta del Viento, Sierra de Umango and some previously reported localities, all in the Paganzo Basin (Argentina), have been studied. Whereas all sites are characterized by hematite as the main magnetic carrier and a reversed-polarity magnetic remanence, we found a pattern of variation in magnetic properties along the integrated column for Patquía Formation. The Lower Member (Late Carboniferous) showed higher intensity of natural and saturation isothermal remanent magnetisation (NRM and SIRM, respectively) than the Permian Upper Member. The fall in NRM intensity from the Lower to Upper Member of the Patquía Formation may be related to a change in quantity and/or grain-size of the hematite pigment, which may reflect the change in environmental and/or depositional setting. As for directional values of NRM, paleomagnetic poles reported for both sections are clearly different. The lower section provided a pole position coincident with Late Carboniferous poles for Gondwana, while the upper section poles are departed from the Early Permian position. We cannot decide whether the Upper Member pole is due to a primary magnetisation at 290 Ma or to a remagnetisation at ~260-270 Ma; even so, the obtained paleomagnetic pole is robust and indicates a rapid apparent polar wander in a ~30o counter clockwise rotation of the region, after deposition of the Late Carboniferous lower section, and in coincidence with the San Rafael Orogenic Phase.</subfield>
   </datafield>
   <datafield tag="653" ind2=" " ind1=" ">
      <subfield code="a">Red beds</subfield>
   </datafield>
   <datafield tag="653" ind2=" " ind1=" ">
      <subfield code="a">Paleomagnetism</subfield>
   </datafield>
   <datafield tag="653" ind2=" " ind1=" ">
      <subfield code="a">Magnetic remanence</subfield>
   </datafield>
   <datafield tag="653" ind2=" " ind1=" ">
      <subfield code="a">Apparent polar wander</subfield>
   </datafield>
   <datafield ind2="0" ind1="0" tag="245">
      <subfield code="a">Paleomagnetism of the Carboniferous-Permian Patquia Formation, Paganzo basin, Argentina: implications for the apparent polar wander path for South America and Gondwana during the Late Palaeozoic</subfield>
   </datafield>
</record></metadata></record></GetRecord></OAI-PMH>